000
00256nam a2200097Ia 4500
001
679826
005
20250826161330.0
008
250824s9999 xx 000 0 und d
245
0
_a
AY DENİZLE BUILUŞUNCA
_c
KARİN KARAKAŞLI
260
_b
GÜNIŞIĞI YAYINLARI
999
_c
679826
_d
679826